Click the Biggest Country (A to Z) Quiz Stats

 Plays Quiz Updated Feb 13, 2019

Support Sporcle.
Go Orange.
Score 0/24 Timer 05:00
5 Plays Today
% Correct
Australia
88.2%
Brazil
88.1%
Canada
85.5%
Democratic Republic of the Congo
79.7%
India
79%
Germany
78.1%
France
77%
Japan
73.7%
Kazakhstan
73.3%
Libya
70.4%
Russia
63.9%
Ethiopia
63.4%
% Correct
Mexico
61%
Oman
60.3%
Honduras
58.7%
United States
56.4%
Qatar
53.9%
Yemen
44.9%
Venezuela
43.9%
Niger
43.8%
Zambia
34.8%
Saudi Arabia
34.3%
Peru
31.9%
Tanzania
19%

From the Vault

Hogwarts House Match

by goseaward

We'd love to know which house we'd be placed in by the Sorting Hat.
Remove Ads.
Support Sporcle.
Get the best of Sporcle when you Go Orange. This ad-free experience offers more features, more stats, and more fun while also helping to support Sporcle. Thank you for becoming a member.

Show Comments

Extras

Top Quizzes Today


Score Distribution

Your Account Isn't Verified!

In order to create a playlist on Sporcle, you need to verify the email address you used during registration. Go to your Sporcle Settings to finish the process.

Report this User

Report this user for behavior that violates our Community Guidelines.

Details: